Locally interacting systems and their application in biology
Guardat en:
| Autors principals: | , , |
|---|---|
| Format: | Llibre |
| Idioma: | anglès |
| Publicat: |
Berlín
Springer-Verlag
1978
|
| Col·lecció: | Lecture Notes in Mathematics, 653
|
| Matèries: | |
| Etiquetes: |
Afegir etiqueta
Sense etiquetes, Sigues el primer a etiquetar aquest registre!
|
MARC
| LEADER | 00000nam a2200000 a 4500 | ||
|---|---|---|---|
| 001 | UCP0031 | ||
| 003 | CL-VaPUC | ||
| 008 | 990128e19780000GW |||||||||||||||||eng|d | ||
| 082 | 0 | 4 | |a 570.15195 |b DOB |2 21 |
| 100 | 0 | |a Dobrushin, R. L |e author |9 424841 | |
| 700 | 0 | |a Kryukov, V. I |e author |9 424842 | |
| 700 | 0 | |a Toom, A. L |e author |9 424843 | |
| 245 | 1 | 0 | |a Locally interacting systems and their application in biology |
| 300 | |a 202 p | ||
| 942 | |c BK | ||
| 945 | |d 19990128 00:00:00 |a crobeson | ||
| 260 | |a Berlín |b Springer-Verlag |c 1978 | ||
| 650 | 0 | |a Bioestadística |9 261187 | |
| 650 | 0 | |a Procesos de Markov |9 270451 | |
| 650 | 7 | |a PROBABILIDAD CONDICIONAL |2 CL-VaPUC |9 424844 | |
| 650 | 7 | |a RETICULOS HOMOGENEOS |2 CL-VaPUC |9 424845 | |
| 650 | 7 | |a CAMPOS ALEATORIOS GIBBSIANOS |2 CL-VaPUC |9 424846 | |
| 583 | |a last modification |c 19990128 00:00:00 |k Rodrigo Vera | ||
| 490 | 0 | |a Lecture Notes in Mathematics, 653 | |
| 999 | |c 278917 |d 278915 | ||
| 952 | |0 0 |1 0 |4 0 |6 570_151950000000000_DOB_1978 |7 0 |8 A |9 317732 |a BIBMAT |b BIBMAT |d 2019-11-20 |i 1320556 |o 570.15195 DOB 1978 |p 1320556 |r 2025-01-07 |w 2019-11-20 |y BK |k MAT | ||